[Event "5th Open"]
[Site "Izmir TUR"]
[Date "2006.09.11"]
[Round "2"]
[White "Esen,B"]
[Black "Ersahin,B"]
[Result "1/2-1/2"]
[WhiteElo "2459"]
[BlackElo "2143"]

1.d4 Nf6 2.c4 e6 3.Nf3 c5 4.d5 exd5 5.cxd5 d6 6.Nc3 g6 7.e4 Bg7 8.h3 O-O
9.Bd3 b5 10.Bxb5 Nxe4 11.Nxe4 Qa5+ 12.Nfd2 Qxb5 13.Nxd6 Qa6 14.N2c4 Nd7 15.O-O Nb6
16.Nxb6 Qxb6 17.Nxc8 Raxc8 18.d6 Rfd8 19.Bf4 Qc6 20.Qd2 Rb8 21.Rab1 Bf8 22.Rfd1 Rb6
23.Qc3 Bg7 24.Qc2 Rb4 25.Bh2 Bf8 26.Kh1 Bxd6 27.Rbc1 Rbb8 28.Rxd6 Rxd6 29.b3 Rc8
30.Bxd6 Qxd6 31.g3 h5 32.h4 Qd5+ 33.Kg1 Re8 34.Qc4 Qd2 35.a4 Re5 36.Rf1 a5
37.Qc1 Qxc1 38.Rxc1 Kf8 39.Kf1 Ke7 40.Rd1 Re6 41.Rd5 Rc6 42.Ke2 Ke6 43.Rg5 Kd7
44.Kd3 f5 45.f3 Ke7 46.g4 fxg4 47.fxg4 hxg4 48.Rxg4 Rb6 49.Kc3 Rf6 50.Kc4 Rb6
51.Rg3 Rb4+ 52.Kxc5 Kf6 53.Kc6 Rxh4 54.Kb6 Rh5 55.b4 axb4 56.a5 Rh8 57.a6 Kf5
58.Rf3+ Ke4 59.Rg3 Kf5 60.a7 g5 61.Rf3+ Ke4 62.Rb3 g4 63.Ka6 Ra8 64.Kb7 Rxa7+
65.Kxa7 Kf4 66.Kb6 g3 67.Kc5 g2 68.Rb1 Ke3 69.Kc4 Kf2 70.Rb2+ Kg3 71.Rb3+ Kh2
72.Rb2 Kh1 73.Rb1+ g1=Q 74.Rxg1+ Kxg1 75.Kb3 Kf2 76.Kc4 Ke2 77.Kd4 Kd2 78.Kc4 Kc2
79.Kd5  1/2-1/2

[Event "XVI WSen"]
[Site "Arvier ITA"]
[Date "2006.09.13"]
[Round "3"]
[White "Schneiders,A"]
[Black "Salehimoghaddam,A"]
[Result "0-1"]
[WhiteElo "2209"]
[BlackElo "2025"]

1.d4 Nf6 2.c4 e6 3.Nf3 c5 4.d5 exd5 5.cxd5 d6 6.Nc3 g6 7.e4 Bg4 8.Bd3 Bg7
9.O-O O-O 10.h3 Bxf3 11.Qxf3 Nbd7 12.Bf4 Ne5 13.Bxe5 dxe5 14.Qe3 Qa5 15.g3 Rac8
16.Qe2 a6 17.a4 Ne8 18.Rfc1 Nd6 19.Nd1 Bh6 20.Ne3 Qb4 21.Rc2 Bxe3 22.Qxe3 b5
23.axb5 axb5 24.Ra6 c4 25.Be2 Ra8 26.Ra3 Rxa3 27.bxa3 Qb1+ 28.Rc1 Qa2 29.f3 Ra8
30.Rc3 Qa1+ 31.Bf1 Kg7 32.f4 f6 33.Kg2 Nxe4 34.Rc1 Qb2+  0-1

[Event "EU-chB16"]
[Site "Herceg Novi MNE"]
[Date "2006.09.14"]
[Round "5"]
[White "Golichenko,I"]
[Black "Edouard,R"]
[Result "0-1"]
[WhiteElo "2289"]
[BlackElo "2404"]

1.d4 Nf6 2.c4 c5 3.d5 e6 4.Nc3 exd5 5.cxd5 d6 6.Nf3 g6 7.g3 Bg7 8.Bg2 O-O
9.O-O Re8 10.Nd2 a6 11.a4 Nbd7 12.Nc4 Ne5 13.Nxe5 Rxe5 14.Bf4 Re8 15.Qc2 Nh5
16.Bd2 Bd7 17.a5 b5 18.axb6 Qxb6 19.Ra2 Bb5 20.Bf3 Nf6 21.Rfa1 Bc4 22.Ra5 Bb3
23.Qd3 c4 24.Qb1 Nd7 25.Ne4 f5 26.Be3 Qb4 27.Ng5 Rxe3 28.fxe3 Qd2 29.Kf2 Bxb2
30.Rxa6 Re8 31.Ra8 Qxe3+ 32.Kg2 Bxa1 33.Qxa1 Qe7 34.Ra7 Qf6 35.Qc1 Nf8 36.Qf4 Re7
37.Ra8 Kg7 38.Qh4 h6 39.Ne6+ Nxe6 40.Rg8+ Kf7 41.dxe6+ Rxe6 42.Bd5 g5 43.Qh5+ Kxg8
44.Qe8+ Kg7 45.Bxe6 Qf8 46.Qd7+ Kf6 47.Bxf5 Qe7 48.Qc8 Qxe2+ 49.Kg1 Qd1+
50.Kf2 c3 51.Bg4 Qd4+ 52.Kg2 Bd5+ 53.Kh3 Qxg4+  0-1

[Event "EU-chG18"]
[Site "Herceg Novi MNE"]
[Date "2006.09.17"]
[Round "7"]
[White "Gunina,V"]
[Black "Benmesbah,N"]
[Result "1-0"]
[WhiteElo "2368"]
[BlackElo "2125"]

1.d4 Nf6 2.c4 e6 3.Nf3 c5 4.d5 d6 5.Nc3 exd5 6.cxd5 g6 7.h3 a6 8.a4 Qe7 9.Bg5 Nbd7
10.Nd2 h6 11.Bh4 Bg7 12.e4 O-O 13.Bd3 Rb8 14.O-O Ne5 15.Bc2 g5 16.Bg3 Nfd7
17.Qe2 Ng6 18.Nc4 Nde5 19.Ne3 Nf4 20.Qd1 b5 21.axb5 axb5 22.Nf5 Bxf5 23.exf5 Nc4
24.Bxf4 gxf4 25.Ne4 Qh4 26.f6 Nxb2 27.Qf3 Bh8 28.Kh2 Nc4 29.g3 Ne5 30.Qd1  1-0

[Event "TCh-FIN 2006-7"]
[Site "Turku FIN"]
[Date "2006.09.17"]
[Round "2"]
[White "Koskinen,Hen"]
[Black "Niemi,K"]
[Result "0-1"]
[WhiteElo "2317"]
[BlackElo "2255"]

1.d4 Nf6 2.c4 c5 3.d5 e6 4.Nc3 exd5 5.cxd5 d6 6.Nf3 g6 7.Nd2 Nbd7 8.e4 Bg7
9.Be2 O-O 10.O-O Re8 11.f4 c4 12.a4 Nc5 13.Bf3 Bd7 14.e5 dxe5 15.fxe5 Rxe5
16.Nxc4 Re8 17.Kh1 Bf5 18.Ne3 Bd3 19.Be2 Bxe2 20.Nxe2 Nfe4 21.Ra3 Rc8 22.Nf4 Qh4
23.Qf3 Ng5 24.Qd1 Nce4 25.Kg1 Be5 26.Qg4 Qxg4 27.Nxg4 Rxc1 28.Rxc1 Bxf4 29.Rf1 Bd6
30.h4 Bxa3 31.bxa3 h5  0-1

[Event "TCh-BEL 2006-7"]
[Site "Belgium BEL"]
[Date "2006.10.01"]
[Round "1"]
[White "Beuselinck,S"]
[Black "Piceu,T"]
[Result "0-1"]
[WhiteElo "2165"]
[BlackElo "2345"]

1.d4 Nf6 2.Nf3 c5 3.d5 e6 4.c4 exd5 5.cxd5 d6 6.Nc3 g6 7.Nd2 Nbd7 8.Nc4 Nb6
9.e4 Bg7 10.Bf4 O-O 11.Nxd6 Nh5 12.Qd2 Nxf4 13.Qxf4 f5 14.e5 Nd7 15.Nxc8 Bxe5
16.Qd2 Rxc8 17.Be2 Qh4 18.g3 Qd4 19.f4 Bg7 20.O-O-O a6 21.Bf3 Nb6 22.d6 Rcd8
23.Bxb7 Kh8 24.Qxd4 cxd4 25.Ne2 Rxd6 26.Bxa6 Ra8 27.Bd3 Rxa2 28.Kb1 Ra8 29.Rc1 Nd5
30.Rc5 Nc3+ 31.bxc3 dxc3 32.Ba6 Rdxa6  0-1

[Event "FSGM October"]
[Site "Budapest HUN"]
[Date "2006.10.07"]
[Round "1"]
[White "Kosic,D"]
[Black "Eisenbeiser,A"]
[Result "1/2-1/2"]
[WhiteElo "2518"]
[BlackElo "2349"]

1.d4 c5 2.d5 e6 3.c4 Nf6 4.Nc3 exd5 5.cxd5 d6 6.Nf3 g6 7.Bf4 Bg7 8.e3 O-O
9.h3 Na6 10.Nd2 Nc7 11.Nc4 b5 12.Nxd6 b4 13.Na4 Nfxd5 14.Bg3 Bd7 15.Rb1 Bxa4
16.Qxa4 Qe7 17.Nc4 Qe4 18.Nd2 Qe7 19.Be2 Rad8 20.Nc4 f5 21.Bxc7 Qxc7 22.O-O f4
23.Bf3  1/2-1/2

[Event "Vasylyshyn Mem"]
[Site "Lviv UKR"]
[Date "2006.10.09"]
[Round "5"]
[White "Maiorov,N"]
[Black "Zherebukh,Y"]
[Result "1-0"]
[WhiteElo "2481"]
[BlackElo "2321"]

1.d4 Nf6 2.c4 c5 3.d5 e6 4.Nc3 exd5 5.cxd5 d6 6.Nf3 g6 7.g3 Bg7 8.Bg2 O-O
9.O-O Na6 10.Nd2 Nc7 11.Nc4 b5 12.Nxd6 Qxd6 13.Bf4 Qd7 14.d6 Ne6 15.Bxa8 Nxf4
16.gxf4 Qg4+ 17.Bg2 Qxf4 18.e3 Qe5 19.Qf3 b4 20.Nd5 Qxd6 21.Qf4 Qe6 22.Rfd1 Nxd5
23.Bxd5 Qe7 24.Rd2 Be5 25.Qc4 Bc7 26.Qe4 Qg5+ 27.Qg2 Qe5 28.Rc1 Qe7 29.Qe4 Qg5+
30.Kh1 Bf5 31.Qc4 Qh6 32.f4 Qh3 33.Re1 Bd6 34.Be4 Qh4 35.Rg1 Be6 36.Bd5 Bc8
37.Qe2 Kg7 38.Qg2 Be7 39.Qg3 Qf6 40.e4 Rd8 41.Rgd1 Ba6 42.b3 Bc8 43.e5 Qf5
44.Bf3 Rxd2 45.Rxd2 h5 46.h4 Qb1+ 47.Kh2 Qc1 48.Rg2 Qe3 49.Bd5 Qxg3+ 50.Kxg3 Bf5
51.Rd2 Kf8 52.Bc6 a5 53.Bd7 Bb1 54.Rf2 Bd8 55.Rd2 Be7 56.f5 gxf5 57.Rf2 c4
58.bxc4 Bd3 59.Bxf5 Bxc4 60.Rc2 Bd5 61.Rc8+ Kg7 62.Rc7 Kf8 63.Ra7 Bxa2 64.Rxa5 Bc4
65.Ra8+ Kg7 66.Re8 Bf8 67.Rc8 Bd5 68.Rc7 Kg8 69.Rd7 Bc6 70.Rd3 Bb5 71.Rd8 Kg7
72.Bc2 Bc4 73.Rb8 Be6 74.Bd1 Bc5 75.Bxh5 b3 76.Bd1 Bd4 77.Kf4 b2 78.Bc2 Ba2
79.Ke4 Bc3 80.Rb6 Be6 81.Bb1 Kg6 82.Kf4+ Kh5 83.Rb8 Bd2+ 84.Kf3 Kxh4 85.Rxb2 Bc3
86.Rh2+ Kg5 87.Rg2+ Kh6 88.Kf4 Bd4 89.Bf5 Be3+ 90.Ke4 Bg5 91.Rb2 Bc4 92.Kd4 Bf1
93.Rb7 Kg7 94.e6 Bf6+ 95.Kc5 Kg8 96.e7  1-0

[Event "Vasylyshyn Mem"]
[Site "Lviv UKR"]
[Date "2006.10.11"]
[Round "7"]
[White "Maiorov,N"]
[Black "Oleksienko,M"]
[Result "1/2-1/2"]
[WhiteElo "2481"]
[BlackElo "2530"]

1.d4 Nf6 2.c4 c5 3.d5 e6 4.Nc3 exd5 5.cxd5 d6 6.Nf3 g6 7.g3 Bg7 8.Bg2 O-O
9.O-O a6 10.a4 Nbd7 11.Nd2 Re8 12.h3 Rb8 13.Nc4 Nb6 14.Na3 Bd7 15.Re1 Qc7
16.e4 Nc8 17.Qd3 Na7 18.Nc4 b5 19.axb5 Nxb5 20.Bd2 Nxc3 21.Bxc3 Bb5 22.e5 dxe5
23.d6 Qd7 24.Bxe5 Re6 25.Bc3 Rxe1+ 26.Rxe1 Re8 27.Rd1 Re6 28.b3 Bxc4  1/2-1/2

[Event "14th Chigorin Mem"]
[Site "St-Petersburg RUS"]
[Date "2006.10.23"]
[Round "1"]
[White "Gasanov,E"]
[Black "Davydov,S1"]
[Result "1/2-1/2"]
[WhiteElo "2453"]
[BlackElo "2301"]

1.d4 Nf6 2.c4 e6 3.Nc3 c5 4.d5 exd5 5.cxd5 d6 6.Nf3 g6 7.Bg5 Bg7 8.e3 a6
9.Nd2 h6 10.Bh4 O-O 11.a4 Nbd7 12.Be2 Re8 13.O-O Qc7 14.Qc2 b6 15.e4 g5 16.Bg3 Ne5
17.Rab1 Bd7 18.Rfc1 h5 19.Qd1 Bg4 20.f3 Bd7 21.Qf1 Bc8 22.b4 Nfd7 23.Nd1 Qd8
24.Ne3 cxb4 25.Nf5 Nc5 26.Nxg7 Kxg7 27.Rxb4 Bd7 28.Rcb1 Nxa4 29.Nc4 Nxc4
30.Bxc4 b5 31.Rxa4 bxc4 32.Rxc4 Bb5 33.Rxb5 axb5 34.Rc6 Qf6 35.Rxd6 Ra1 36.Rxf6 Rxf1+
37.Kxf1 Kxf6 38.Ke2 Ke7 39.Kd3 Rc8 40.Be1 f6 41.Bb4+ Kf7 42.g3 Rc1 43.f4 gxf4
44.gxf4 Rc4 45.Bd6 Ke8 46.e5 Kd7 47.Ba3 Rxf4 48.e6+ Kc7  1/2-1/2

[Event "WYB16"]
[Site "Batumi GEO"]
[Date "2006.10.25"]
[Round "8"]
[White "Margvelashvili,G"]
[Black "Golizadeh,A"]
[Result "1-0"]
[WhiteElo "2456"]
[BlackElo "2233"]

1.d4 Nf6 2.c4 c5 3.d5 e6 4.Nc3 exd5 5.cxd5 d6 6.Nf3 g6 7.Qa4+ Nbd7 8.Bf4 a6
9.e4 Rb8 10.Bd3 b5 11.Qc2 Qc7 12.O-O Bg7 13.e5 Nh5 14.exd6 Qd8 15.Qe2+ Kf8
16.Qe7+ Qxe7 17.dxe7+ Kxe7 18.Rfe1+ Kd8 19.Bxb8 Nxb8 20.Ng5 Rf8 21.Nxh7 Rh8
22.Ng5 Rf8 23.Nxf7+  1-0

[Event "14th Chigorin Mem"]
[Site "St-Petersburg RUS"]
[Date "2006.10.26"]
[Round "5"]
[White "Kosyrev,V"]
[Black "Davydov,S1"]
[Result "1-0"]
[WhiteElo "2537"]
[BlackElo "2301"]

1.d4 Nf6 2.c4 e6 3.Nf3 c5 4.d5 exd5 5.cxd5 d6 6.Nc3 g6 7.e4 Bg7 8.h3 O-O
9.Bd3 a6 10.a4 Nbd7 11.Bf4 Qc7 12.O-O Re8 13.Re1 Nh5 14.Bh2 Ne5 15.Be2 Nxf3+
16.Bxf3 Nf6 17.e5 dxe5 18.d6 Qd8 19.Bxe5 Ra7 20.a5 Be6 21.b4 b6 22.axb6 Qxb6
23.bxc5 Qxc5 24.Bd4 Qc8 25.Bxa7 Qxc3 26.Bd4 Qb4 27.Qa4 Qxa4 28.Rxa4 Bd7 29.Raa1 Rxe1+
30.Rxe1 a5 31.Re7 Bb5 32.Rb7  1-0

[Event "Open A"]
[Site "Le Touquet FRA"]
[Date "2006.10.31"]
[Round "5"]
[White "Giffard,N"]
[Black "Marzolo,C"]
[Result "1-0"]
[WhiteElo "2372"]
[BlackElo "2483"]

1.d4 Nf6 2.c4 c5 3.d5 e6 4.Nc3 exd5 5.cxd5 d6 6.Nf3 g6 7.Bg5 Bg7 8.Nd2 O-O
9.e4 b6 10.Be2 Ba6 11.O-O Bxe2 12.Qxe2 Re8 13.a4 a6 14.f4 Nbd7 15.Nc4 Qb8
16.Qf3 Ra7 17.e5 dxe5 18.fxe5 Nxe5 19.Nxe5 Rxe5 20.Bf4 Nh5 21.Bxe5 Bxe5 22.g3 Rd7
23.Rae1 Kg7 24.Re2 Nf6 25.Qd3 Bd4+ 26.Kg2 Qb7 27.Qf3 Nxd5 28.Nxd5 Rxd5 29.b3 Qd7
30.Qe4 Rh5 31.Kh1 b5 32.axb5 axb5 33.Rd2 b4 34.Rd3 Re5 35.Qxe5+  1-0

[Event "Petersburg Autumn"]
[Site "St Petersburg RUS"]
[Date "2006.11.05"]
[Round "6"]
[White "Chernov,Yurij"]
[Black "Nezbailo,D"]
[Result "0-1"]
[WhiteElo "2160"]
[BlackElo "2039"]

1.d4 Nf6 2.c4 c5 3.d5 e6 4.Nc3 exd5 5.cxd5 d6 6.Nf3 g6 7.Bg5 Bg7 8.Nd2 h6
9.Bh4 Qe7 10.e3 O-O 11.Be2 Rd8 12.O-O Bf5 13.Nc4 g5 14.Bg3 Ne4 15.Nxe4 Bxe4
16.a4 Na6 17.f3 Bg6 18.Bd3 Bxd3 19.Qxd3 Nc7 20.Rab1 b6 21.Qf5 Ne8 22.f4 Rab8
23.h3 a6 24.e4 Bd4+ 25.Kh2 Ng7 26.Qg4 Qxe4 27.fxg5 Qxd5 28.Nxd6 Rxd6 29.Bxd6 Qxd6+
30.Kh1 hxg5 31.Qxg5 Qg6 32.Qf4 Rf8 33.g4 Ne6 34.Qf5 Qxf5 35.Rxf5 f6 36.b3 Be5
37.h4 Ng7 38.Rf3 Rd8 39.Rbf1 Rd4 40.Rg1 f5  0-1

[Event "NWAPA Rector Cup"]
[Site "St Petersburg RUS"]
[Date "2006.11.05"]
[Round "7"]
[White "Smirnov,Arte"]
[Black "Brodsky,M"]
[Result "0-1"]
[WhiteElo "2375"]
[BlackElo "2566"]

1.d4 Nf6 2.c4 e6 3.Nf3 c5 4.d5 d6 5.Nc3 exd5 6.cxd5 g6 7.e4 a6 8.a4 Bg4 9.Be2 Bxf3
10.Bxf3 Bg7 11.O-O Nbd7 12.Bf4 Qe7 13.Qc2 O-O 14.Rfe1 h5 15.h3 Nh7 16.Be2 Rfe8
17.Bf1 g5 18.Bd2 g4 19.e5 Nxe5 20.Qf5 Nf6 21.Ne4 Nxd5 22.Qxh5 Nf6 23.Nxf6+ Qxf6
24.hxg4 d5 25.Rad1 Qg6 26.f3 c4 27.Bf4 b5 28.Kh1 d4 29.axb5 axb5 30.Rxd4 Qxh5+
31.gxh5 Nxf3 32.Rxe8+ Rxe8 33.Rd5 Nd4 34.Bd2 Nb3 35.Bb4 Re5 36.Rxe5 Bxe5
37.Ba3 Na1 38.Be2 Nc2 39.Bd1 Nd4 40.Bc5 Ne6 41.Ba3 Nf4 42.b3 Nd3 43.Be2 b4
44.Bxb4 Nxb4 45.Bxc4 Kg7 46.g4 f6 47.Kg2 Kh6 48.Kh3 Kg5 49.Be6 Nd3 50.Bc8 Nf2+
51.Kg2 Nxg4 52.Kf3 f5 53.b4 Bd6 54.b5 Ne5+ 55.Ke2 f4 56.b6 Kxh5 57.b7 Kh4
58.Be6 Kg3 59.Bd5 Bb8 60.Be4 f3+ 61.Bxf3 Nxf3 62.Ke3 Ng5 63.Kd4 Kf4 64.Kd5 Kf5  0-1

[Event "10th OIBM"]
[Site "Bad Wiessee GER"]
[Date "2006.11.09"]
[Round "6"]
[White "Graf,F"]
[Black "Skembris,S"]
[Result "0-1"]
[WhiteElo "2207"]
[BlackElo "2455"]

1.d4 Nf6 2.c4 e6 3.Nf3 c5 4.d5 exd5 5.cxd5 d6 6.Nc3 a6 7.e4 g6 8.Bf4 Bg4
9.Be2 Nbd7 10.Nd2 Nh5 11.Be3 Bxe2 12.Qxe2 Qf6 13.g3 Bg7 14.O-O O-O 15.a4 Rfe8
16.f4 Qe7 17.e5 dxe5 18.f5 e4 19.g4 Bd4 20.fxg6 hxg6 21.Bxd4 cxd4 22.Ncxe4 Nhf6
23.Nxf6+ Qxf6 24.Qf3 Qxf3 25.Nxf3 Nb6 26.Rad1 Re4 27.Rxd4 Rxd4 28.Nxd4 Rd8
29.b3 Nxd5 30.Ne2 Re8 31.Kf2 Nf6 32.Nf4 Nxg4+ 33.Kg3 Ne3 34.Rc1 Nf5+ 35.Kg4 Re3
36.Kg5 Kg7 37.Rc7 Nd6 38.b4 Ne4+ 39.Kg4 Nf6+  0-1

[Event "Open"]
[Site "Liberec CZE"]
[Date "2006.11.12"]
[Round "2"]
[White "Broekman,W"]
[Black "Sirota,S"]
[Result "1-0"]
[WhiteElo "2151"]
[BlackElo "2027"]

1.d4 Nf6 2.c4 e6 3.Nc3 c5 4.d5 exd5 5.cxd5 d6 6.Nf3 g6 7.Nd2 Nbd7 8.Nc4 Nb6
9.e4 Bg7 10.Ne3 O-O 11.Bd3 Re8 12.O-O Nbd7 13.f3 a6 14.a4 Qe7 15.Be2 Rb8
16.a5 b5 17.axb6 Nxb6 18.Ra3 Ra8 19.Rb3 Qc7 20.Kh1 Bd7 21.Ra3 Qb7 22.Qc2 Reb8
23.f4 Ne8 24.Bf3 Bd4 25.Rb3 Qc8 26.Re1 Bxe3 27.Rxe3 Nc4 28.Rxb8 Rxb8 29.Re2 Qb7
30.h3 Qb3 31.Qxb3 Rxb3 32.e5 Kf8 33.Be4 Bf5 34.Kh2 a5 35.g4 Bxe4 36.Nxe4 Rb5
37.Rc2 Rb4 38.exd6 Nexd6 39.Nxd6 Nxd6 40.Rxc5 Rc4 41.Rxc4 Nxc4 42.b3 Nb6
43.Bd2 Nxd5 44.Kg3 Ke7 45.Bxa5 Kd6 46.Kf3 f5 47.Bd2 Kc5 48.h4 Kd4 49.h5 Kd3
50.gxf5 Kxd2 51.fxg6 hxg6 52.hxg6 Kd3 53.f5 Kd4 54.Kg4 Nf6+ 55.Kg5 Ke5 56.g7 Ne4+
57.Kg6 Nf6 58.b4 Ng8 59.b5 Ne7+ 60.Kg5 Ng8 61.b6  1-0

[Event "TCh-ROM Divizia A Masculin"]
[Site "Predeal ROM"]
[Date "2006.11.12"]
[Round "9"]
[White "Filip,L"]
[Black "Valeanu,E"]
[Result "1-0"]
[WhiteElo "2346"]
[BlackElo "2361"]

1.d4 Nf6 2.c4 c5 3.d5 e6 4.Nc3 exd5 5.cxd5 d6 6.Nf3 a6 7.a4 g6 8.h3 Bg7 9.e4 O-O
10.Bd3 Nbd7 11.O-O Qc7 12.Re1 Re8 13.Bf4 c4 14.Bc2 b6 15.Qd2 Bb7 16.Rad1 Rad8
17.Kh1 Nc5 18.Bh2 Nfd7 19.Qe2 Nb3 20.Bxb3 cxb3 21.Rc1 Nc5 22.Qc4 Qd7 23.e5 dxe5
24.Nxe5 Bxe5 25.Bxe5 Bxd5 26.Qh4 Qf5 27.Bf6 Nd3 28.Nxd5 h5 29.Bxd8 Nxe1 30.Nf6+ Kf8
31.Nxe8 Nd3 32.Rf1 Nxb2 33.Qd4 Kxe8 34.Re1+  1-0

[Event "SK Liburnija GM"]
[Site "Rijeka CRO"]
[Date "2006.11.15"]
[Round "2"]
[White "Markus,Rob"]
[Black "Cvitan,O"]
[Result "1/2-1/2"]
[WhiteElo "2567"]
[BlackElo "2529"]

1.d4 Nf6 2.c4 e6 3.Nf3 c5 4.d5 d6 5.Nc3 exd5 6.cxd5 g6 7.e4 Bg7 8.Be2 O-O
9.O-O Bg4 10.Bf4 a6 11.a4 Bxf3 12.Bxf3 Qe7 13.Qd2 Nbd7 14.Rfe1 Rfe8 15.h3 h5
16.a5 Rab8 17.Na4 Nh7 18.Be2 Bd4 19.Bf1 Qf6 20.Rab1 g5 21.Bh2 b5 22.axb6 Nxb6
23.Nc3 Nd7 24.Bxa6 Rb6 25.Bf1 Reb8 26.Nd1 Ne5 27.Kh1 g4 28.Qf4 Qg6 29.Ne3 Bxe3
30.Qxe3 Rb3 31.Qd2 Qf6 32.Qf4 Rxb2 33.Rxb2 Rxb2 34.Qxf6 Nxf6 35.Bxe5 dxe5
36.hxg4 hxg4 37.Kg1 Rd2 38.g3 Rd4 39.Rc1 Nxe4 40.Bg2 c4 41.Bxe4 Rxe4 42.d6 Kf8
43.Ra1 Rd4 44.Ra8+ Kg7 45.Rc8 Kf6 46.d7 Rxd7 47.Rxc4 Kg5 48.Kg2 Rd2 49.Rc8 Kf5
50.Rg8 f6 51.Rg7 Rd4 52.Rg8 Ke6 53.Kf1 f5 54.Rf8 Rd7 55.Ke2 Rf7 56.Rd8 f4
57.gxf4 exf4 58.Kf1 Rd7 59.Re8+ Kf5 60.Kg2 Rd2 61.Rf8+ Ke4 62.Re8+ Kd3 63.Rd8+ Ke2
64.Re8+ Kd1 65.Re4 g3 66.Rxf4 Rxf2+ 67.Rxf2 gxf2 68.Kxf2  1/2-1/2

[Event "19th Belgrade Trophy"]
[Site "Belgrade SRB"]
[Date "2006.11.25"]
[Round "4"]
[White "Popovic,Ne"]
[Black "Dabovic,V"]
[Result "1-0"]
[WhiteElo "2262"]
[BlackElo "1969"]

1.d4 Nf6 2.Nf3 e6 3.c4 c5 4.d5 exd5 5.cxd5 d6 6.Nc3 Be7 7.e4 Bg4 8.Be2 Nbd7
9.h3 Bh5 10.Bf4 a6 11.a4 O-O 12.g4 Bg6 13.Nd2 Ne8 14.a5 Bg5 15.Bxg5 Qxg5
16.h4 Qf4 17.h5 Ne5 18.Rf1 Nc7 19.hxg6 fxg6 20.Nc4 Rf6 21.Nxe5 Qxe5 22.Qb3 Raf8
23.Qxb7 R6f7 24.Qc6 Qf4 25.Bxa6 Nxa6 26.Qxa6 Rb8 27.Qe2 Rfb7 28.Ra2 Qe5 29.Qd2 Rb4
30.f3 Rd4 31.Qe3 Qg3+ 32.Ke2 Qh2+ 33.Qf2 Qf4 34.Rd1 Rdb4 35.Kf1 h5 36.gxh5 gxh5
37.a6 h4 38.a7 Ra8 39.Kg2 Rb7 40.Rda1 Rf7 41.Kh1 g5 42.Ne2 Qe5 43.Qg2 h3
44.Qg4 h2 45.Qg3 Qe7 46.Ra6 Qb7 47.Rxd6 Qxb2 48.Qxg5+ Rg7 49.Rd8+  1-0

[Event "90th ch-Marshall CC"]
[Site "New York USA"]
[Date "2006.12.02"]
[Round "2"]
[White "Sloan Aravena,P"]
[Black "Rabin,E"]
[Result "1-0"]
[WhiteElo "2250"]
[BlackElo "2028"]

1.d4 Nf6 2.c4 e6 3.Nf3 c5 4.d5 exd5 5.cxd5 d6 6.Nc3 g6 7.h3 Bg7 8.e4 O-O
9.Bd3 b5 10.Nxb5 Nxe4 11.Bxe4 Qa5+ 12.Nc3 Re8 13.O-O Bxc3 14.bxc3 Rxe4 15.Re1 Bf5
16.g4 Rxe1+ 17.Qxe1 Bd7 18.Qe7 Qxc3 19.Ng5 Qg7 20.Rb1 h6 21.Ne4 Qf8 22.Nf6+  1-0

[Event "13th Open A"]
[Site "Zadar CRO"]
[Date "2006.12.12"]
[Round "2"]
[White "Jovanic,O"]
[Black "Kovacevic,A"]
[Result "1/2-1/2"]
[WhiteElo "2458"]
[BlackElo "2541"]

1.d4 Nf6 2.c4 e6 3.Nf3 c5 4.d5 d6 5.Nc3 exd5 6.cxd5 g6 7.e4 Bg7 8.h3 O-O
9.Bg5 Re8 10.Bd3 c4 11.Bc2 b5 12.a3 a5 13.O-O Ba6 14.Re1 b4 15.axb4 axb4
16.Nb5 h6  1/2-1/2

[Event "Bykova Mem"]
[Site "Vladimir RUS"]
[Date "2006.12.14"]
[Round "1"]
[White "Kursova,M"]
[Black "Zimina,O"]
[Result "1-0"]
[WhiteElo "2316"]
[BlackElo "2398"]

1.d4 Nf6 2.Nf3 e6 3.c4 c5 4.d5 exd5 5.cxd5 d6 6.Nc3 g6 7.Nd2 Nbd7 8.e4 Bg7
9.Be2 O-O 10.O-O Re8 11.a4 a6 12.Kh1 Qc7 13.f3 Ne5 14.f4 Neg4 15.Rf3 Nd7
16.h3 Nh6 17.g4 f5 18.exf5 gxf5 19.g5 Nf7 20.Nf1 Nf8 21.Be3 Ng6 22.Bf2 Re4
23.Bg3 Rb4 24.Qc2 Bd7 25.Ne3 Re8 26.Bd3 Nxf4 27.Bxf4 Rxf4 28.Rxf4 Rxe3 29.Bxf5 Nxg5
30.Rg1 Bxf5 31.Qxf5 Rxh3+ 32.Kg2 Qe7 33.Qc8+ Bf8 34.Rgf1  1-0

[Event "TCh-NED 2006-7"]
[Site "Netherlands NED"]
[Date "2006.12.16"]
[Round "4"]
[White "Fridman,D2"]
[Black "Spoelman,W"]
[Result "1-0"]
[WhiteElo "2569"]
[BlackElo "2461"]

1.d4 Nf6 2.Nf3 e6 3.c4 c5 4.d5 d6 5.Nc3 exd5 6.cxd5 g6 7.e4 Bg7 8.h3 O-O
9.Bd3 Nh5 10.Bg5 f6 11.Be3 f5 12.exf5 gxf5 13.Ng5 Qe8 14.O-O Be5 15.Nf3 Nd7
16.Nb5 Rb8 17.Nc7 Qf7 18.Ne6 Re8 19.Nfg5 Qg6 20.g4 Ng7 21.gxf5 Qf6 22.Kh1 Kh8
23.Rg1 Rg8 24.Nxh7 Kxh7 25.Bg5 Qf7 26.f6+ Kh8 27.fxg7+ Bxg7 28.Qg4 Bh6 29.Qh4 Qf3+
30.Kh2 Qxd3 31.Qxh6+ Qh7 32.Bf6+  1-0

[Event "6th Amplico AIG Life"]
[Site "Warsaw POL"]
[Date "2006.12.16"]
[Round "8"]
[White "Staniszewski,Pi"]
[Black "Bartel,Mi"]
[Result "1-0"]
[WhiteElo "2419"]
[BlackElo "2226"]

1.d4 Nf6 2.c4 c5 3.d5 e6 4.Nc3 exd5 5.cxd5 d6 6.Nf3 g6 7.Nd2 Nbd7 8.e4 a6
9.a4 Bg7 10.Be2 O-O 11.O-O Re8 12.Qc2 Qc7 13.b3 Rb8 14.Bb2 Ne5 15.h3 g5 16.Rfe1 Bd7
17.a5 Ng6 18.Bf1 Qd8 19.Nc4 Bb5 20.Nxb5 axb5 21.Nb6 b4 22.Bb5 Re7 23.Rad1 Nh5
24.Bxg7 Kxg7  1-0

[Event "44th National A ch-IND"]
[Site "Atul IND"]
[Date "2006.12.22"]
[Round "6"]
[White "Poobesh Anand,S"]
[Black "Prathamesh,S"]
[Result "1/2-1/2"]
[WhiteElo "2416"]
[BlackElo "2335"]

1.d4 Nf6 2.c4 e6 3.Nf3 c5 4.d5 exd5 5.cxd5 d6 6.Nc3 g6 7.h3 Bg7 8.e4 O-O
9.Bd3 a6 10.a4 Nbd7 11.O-O Qe7 12.Bf4 Nh5 13.Bh2 Ne5 14.Be2 Nxf3+ 15.Bxf3 Nf6
16.e5 dxe5 17.d6 Qe6 18.Re1 Ne8 19.Ne4 Kh8 20.Nxc5 Qxd6 21.Qxd6 Nxd6 22.Rad1 Nc4
23.b3 Na5 24.b4 Nc6 25.Bxc6 bxc6 26.Bxe5 Bxe5 27.Rxe5 a5 28.bxa5 Rxa5 29.Nd7 Rxe5
30.Nxe5 Be6 31.Nxc6 Ra8 32.Rd4 Bb3 33.Rd8+ Rxd8 34.Nxd8 Bxa4  1/2-1/2

[Event "15th Donau Open"]
[Site "Aschach an der Donau AUT"]
[Date "2006.12.28"]
[Round "4"]
[White "Czakon,J"]
[Black "Szoen,D"]
[Result "1-0"]
[WhiteElo "2486"]
[BlackElo "2441"]

1.d4 e6 2.c4 Nf6 3.Nf3 c5 4.d5 exd5 5.cxd5 d6 6.Nc3 g6 7.h3 Bg7 8.e4 O-O
9.Bd3 b5 10.Nxb5 Nxe4 11.Bxe4 Re8 12.Nd2 Ba6 13.a4 Qa5 14.Nxd6 Nd7 15.Qc2 f5
16.Nxe8 Rxe8 17.Kd1 fxe4 18.Nxe4 Qb4 19.f3 Qd4+ 20.Qd2 Bd3 21.Ra3 c4 22.d6 Rxe4
23.fxe4 Nc5 24.Re1 Qxd6 25.Re3 Qa6 26.Qb4 Bf8 27.Qb8 Qe6 28.Rf3 Nd7 29.Rxf8+ Nxf8
30.Rxd3  1-0

[Event "Masters"]
[Site "Singapore SIN"]
[Date "2006.12.28"]
[Round "5"]
[White "Goh Koon Jong,J"]
[Black "Su Yamin"]
[Result "1-0"]
[WhiteElo "2394"]
[BlackElo "2214"]

1.d4 Nf6 2.c4 e6 3.Nc3 c5 4.d5 exd5 5.cxd5 d6 6.Nf3 g6 7.Bf4 a6 8.e4 Bg7
9.Qa4+ Bd7 10.Qb3 Qe7 11.Bxd6 Qxd6 12.e5 Qc7 13.d6 Qa5 14.exf6 Bxf6 15.Bc4 O-O
16.O-O Bc6 17.Nd5 Bxd5 18.Bxd5 Ra7 19.Rfe1 b5 20.Qe3 Nd7 21.Rad1 Qb4 22.h4 Qxb2
23.h5 gxh5 24.Qh6 Bg7 25.Qxh5 Nf6 26.Qf5 Nxd5 27.Qxd5 Rd7 28.Re7 Rdd8 29.Ng5 Qf6
30.Ne4 Qg6 31.Nxc5 Bf6 32.Re3 Kh8 33.d7 Qg4 34.Nb7 Rb8 35.d8=Q Bxd8 36.Nxd8 Qf4
37.Rf3 Qc7 38.Nxf7+  1-0

[Event "Australian Open"]
[Site "Tuggeranong AUS"]
[Date "2007.01.03"]
[Round "6"]
[White "Goldenberg,I"]
[Black "Morris,Mi2"]
[Result "1-0"]
[WhiteElo "2358"]
[BlackElo "1819"]

1.d4 Nf6 2.Nf3 e6 3.c4 c5 4.d5 exd5 5.cxd5 d6 6.Nc3 g6 7.Bg5 h6 8.Bh4 g5
9.Bg3 Nh5 10.e3 Bg7 11.Bb5+ Kf8 12.a4 Nxg3 13.hxg3 Bf5 14.Bd3 Bxd3 15.Qxd3 Na6
16.O-O Nb4 17.Qc4 Qe7 18.Rad1 Bf6 19.Nd2 Kg7 20.Nde4 Rhe8 21.Nxf6 Qxf6 22.Rd2 Qg6
23.e4 Re7 24.f4 f6 25.e5 f5 26.Nb5 gxf4 27.gxf4 Qg3 28.Qc3  1-0

[Event "Petrovskaya Ladya IM"]
[Site "Peterhof RUS"]
[Date "2007.01.06"]
[Round "5"]
[White "Khamitskiy,S"]
[Black "Khamidulin,V"]
[Result "1-0"]
[WhiteElo "2345"]
[BlackElo "2220"]

1.d4 Nf6 2.c4 c5 3.d5 e6 4.Nc3 exd5 5.cxd5 d6 6.Nf3 g6 7.h3 Bg7 8.e4 O-O
9.Bd3 b5 10.Bxb5 Nxe4 11.Nxe4 Qa5+ 12.Nfd2 Qxb5 13.Nxd6 Qa6 14.N2c4 Nd7 15.O-O Nb6
16.Nxb6 axb6 17.Nxc8 Rfxc8 18.Re1 Qb7 19.Bg5 Re8 20.Qd2 h6 21.Rxe8+ Rxe8
22.Be3 Rd8 23.Rd1 Bd4 24.Bxd4 Rxd5 25.Qf4 Qd7 26.Qb8+ Qd8 27.Qxd8+ Rxd8 28.Kf1 cxd4
29.Ke2 Rd5 30.Kd3 Rf5 31.Rd2 h5 32.Kxd4 Rg5 33.f3 Kg7 34.a4 Kf6 35.b4 Ke6
36.Ke4 Rf5 37.Rd8  1-0

[Event "13th Festival A"]
[Site "Zupanja CRO"]
[Date "2007.01.08"]
[Round "8"]
[White "Ivanov,Stoi"]
[Black "Zufic,M"]
[Result "1/2-1/2"]
[WhiteElo "2201"]
[BlackElo "2437"]

1.d4 Nf6 2.Nf3 c5 3.d5 e6 4.c4 exd5 5.cxd5 d6 6.Nc3 g6 7.e4 Bg7 8.Bb5+ Nfd7
9.O-O O-O 10.a4 Na6 11.Bg5 f6 12.Bf4 Ne5 13.Nxe5 fxe5 14.Be3 Nc7 15.Bc4 Bd7
16.a5 Qe8 17.Qe2 a6 18.Rfb1 Nb5 19.Bxb5 axb5 20.b4 c4 21.Ra2 Qe7 22.Rba1 Ra6
23.Qd2 Rf7 24.Rf1 Qf8 25.Ra3 h5 26.Bg5 Kh7 27.Qe3 Bf6 28.h4 Qd8 29.Ne2 Qf8
30.f3 Bg7 31.Kh2 Bf6 32.Kg1 Bd8 33.Bxd8 Qxd8 34.Qg5 Rf8 35.Kh2 Kg7 36.Kg1 Qxg5
37.hxg5 Kf7 38.f4 Ke7 39.g3 Raa8 40.Raa1 Bg4 41.Nc3 Bd7 42.Kg2 Ra6 43.Ra2 Raa8
44.Raf2 Rac8 45.fxe5 Rxf2+ 46.Rxf2 dxe5 47.Rf6 Rh8 48.Rxg6 h4 49.Rg7+ Ke8
50.gxh4 Rxh4 51.d6 Bc6 52.Re7+ Kd8 53.Kg3 Rh1 54.Rxe5 Rc1 55.Ne2 Rd1 56.g6 Rxd6
57.Rg5 Bxe4 58.g7 Bh7 59.g8=Q+ Bxg8 60.Rxg8+ Kc7 61.Rg7+ Kb8 62.Rg5 c3 63.Rc5 c2
64.Rxc2 Rd3+ 65.Kf4 Rb3 66.Ke5 Rxb4 67.Kd5 Ra4 68.Nd4 Rxa5 69.Nb3 Ra6 70.Kc5 Rh6
71.Rg2 Rc6+ 72.Kb4 Kc7 73.Kxb5 Rb6+ 74.Kc4 Rc6+ 75.Kd5 Rh6 76.Kd4 Rh4+ 77.Kd3 Kc6
78.Rf2 Rh3+ 79.Kc2 Rh4 80.Rf6+ Kc7 81.Kc3 Rh3+ 82.Kb4 Rg3 83.Kc4 Rg7 84.Kb5  1/2-1/2